000 00598nam a2200229Ia 4500
003 OSt
005 20220924114956.0
006 a|||||r|||| 00| 0
007 ta
008 220923b |||||||| |||| 00| 0 ben d
024 _a300851
037 _cTextual
040 _aARTS
_cARTS
_bben
041 _2ben
_aben
082 _aV262'K, 157M1
100 _aChanda Ramaprasad
245 0 _aItihase bangali
260 _aCalcutta
_bK P bachi and company India
_c1981
650 _aHISTORY
942 _hV262'K, 157M1
_cTEXL
_2CC
999 _c396226
_d396226